000 00607nam a22002297a 4500
003 UA-OsUOA
001 97106
007 ta
008 20130326b un ||||| |||| 00| 0 ukr d
100 _aНикитин М.
090 _a821.161.1
_bН62
942 _cBK
040 _aUA-OsUOA
_brus
_cUA-OsUOA
_dUA-OsUOA
245 _aСибирские повести
300 _a462 с.
955 _a2
041 _arus
080 _a821.161.1
260 _aМ.
_bСоветский писатель
_c1978
650 7 _a82 Література. Літературознавство
_2UDC
999 _c383359
_d383359